Biblioteca

Religión de las culturas de la cordillera (Registro nro. 51857)

Detalles MARC
000 -LÍDER
Campo fijo de descripción fija 01097aab a2200217 i 4500
001 - NÚMERO DE CONTROL
Campo de control 768714001
003 - IDENTIFICADOR DEL NÚMERO DE CONTROL
Campo de control CO-MdFUSB
005 - FECHA Y HORA DE LA ULTIMA TRANSACCIÓN
control field 20250730150725.0
008 - ELEMENTOS DE LONGITUD FIJA -- INFORMACIÓN GENERAL
Campo fijo de descripción fija -- Información general 240404t1989 ag ||||| |||| 00| 0 spa d
040 ## - FUENTE DE CATALOGACIÓN
Idioma de catalogación spa
Agencia que realiza la transcripción CO-MdFUSB
041 ## - CÓDIGO DE IDIOMA
Código de idioma para texto/pista de sonido o título separado spa
100 1# - ASIENTO PRINCIPAL--NOMBRE PERSONAL
Nombre personal Deiros, Pablo A. (Alberto) (1945-)
Término relacionador autor
245 10 - TÍTULO
Título Religión de las culturas de la cordillera
Mención de responsabilidad / Pablo A. Deiros
246 ## - FORMA VARIANTE DEL TITULO
Título propiamente dicho/forma breve del título Religión y las culturas de la cordillera
300 ## - DESCRIPCIÓN FÍSICA
Extensión Volumen 8, número 4 (diciembre,1989), páginas: 25 - 27
Dimensiones ; 27 cm
520 ## - NOTA DE RESUMEN, ETC.
Nota de sumario, etc. Las prácticas privadas, de las que no hay muchas noticias, incluían oraciones, sacrificios ocasionales de animales y ofrendas de primicias. Antes de comer o beber se tomaba un poco de comida o bebida y se le ofrecía al ser supremos con una breve oración para que continuara proveyendo esos elementos. El rito público era presidido por un maestro de ceremonias.<br/>
650 #7 - ASIENTO SECUNDARIO DE MATERIA - TERMINO TEMÁTICO
Término temático o nombre geográfico como elemento de entrada Religión y cultura
9 (RLIN) 388
773 0# - ASIENTO DE ITEM FUENTE
Título Iglesia y Misión
Biblionumber 49402
Itemnumber 59672
Parte(s) relacionada(s) / Volumen., número. (mes año), páginas Volumen 8, número 4 (diciembre,1989), páginas: 25 - 27
Enumeración y primera página páginas: 25
942 ## - TIPO DE MATERIAL (KOHA)
Tipo de Item KOHA Artículos de Revista
945 ## - INFORMACIÓN LOCAL DEL REGISTRO
Catalogador JTF-925

No hay ítems disponibles.

Biblioteca FUSBC | Teléfono: (57+4) 349 88 10 Ext. 141| WhatsApp (+57) 3005338115 
E-mail: biblioteca@unisbc.edu.co | Calle 76 87-14 Robledo Palenque, Medellín, Colombia

Con tecnología Koha